| 000 | 01665nam a2200349 i 4500 | ||
|---|---|---|---|
| 001 | 10295 | ||
| 003 | KOSZ 005 | ||
| 005 | 20180430134509.0 | ||
| 008 | 980702s1995 pl |100 0 pol | ||
| 015 | _aPB 14440/96 | ||
| 020 | _a838612329X | ||
| 040 |
_aWA N _cBPK _dKOSZ 005/EG |
||
| 080 | _a338.22(438) | ||
| 080 | _a334.72(438) | ||
| 080 | _a005 | ||
| 080 | _a(06) | ||
| 100 | 1 |
_aDOBRZAŃSKI, Kazimierz. _bWyższa Szkoła Inżynierska w Koszalinie - Instytut Zarządzania i Marketingu, _d1993-1996. |
|
| 245 | 1 | 0 |
_aProblemy zarządzania w okresie transformacji gospodarczej : _bmateriały I Krajowej Konferencji, Koszalin, marzec 1995 / _cred. nauk. Kazimierz Dobrzański, Michał Jasiulewicz, Andrzej Suszyński. |
| 260 |
_aKoszalin : _bWydaw. Uczelniane WSI, _c1995. |
||
| 300 |
_a131 s. ; _c24 cm. |
||
| 490 | 1 | _aMateriały Konferencyjne Instytutu Zarządzania i Marketingu. | |
| 504 | _aBibliogr. przy mater. | ||
| 650 | 0 | _aZarządzanie. | |
| 650 | 0 | _aPrywatyzacja. | |
| 650 | 0 | _aPrzedsiębiorstwo. | |
| 650 | 0 | _aTransformacja systemu społeczno-gospodarczego. | |
| 655 | 0 | _aMateriały konferencyjne. | |
| 700 | 1 |
_aJASIULEWICZ, Michał. _bPolitechnika Koszalińska - Instytut Ekonomii i Zarządzania, _cZakład Polityki Społeczno-Gospodarczej i Ekonomiki Regionalnej _d1996 - . |
|
| 700 | 1 |
_aSUSZYŃSKI, Andrzej. _bWyższa Szkoła Inżynierska w Koszalinie - Instytut Zarządzania i Marketingu, _cKatedra Polityki Gospodarczej i Ekonomiki Regionalnej _d1993 - 1996. |
|
| 856 |
_uhttp://koha.tu.koszalin.pl/cgi-bin/koha/opac-detail.pl?biblionumber=30575 _yKatalog online BPK |
||
| 942 |
_2UKD _cKS |
||
| 999 |
_c10295 _d10295 |
||